[Event "Krefeld op"]
[Site "Krefeld"]
[Date "2022.08.06"]
[Round "5"]
[White "Schulze, Tim"]
[Black "Mann, Gergely"]
[Result "1/2-1/2"]
[WhiteElo "1579"]
[BlackElo "1728"]
[PlyCount "43"]
[EventDate "2022.08.04"]
[EventType "swiss"]
[EventRounds "9"]
[EventCountry "GER"]
[SourceTitle "CBM 209 Extra"]
[Source "ChessBase"]
[SourceDate "2022.09.30"]
[SourceVersion "1"]
[SourceVersionDate "2022.09.30"]
[SourceQuality "1"]

1. d4 e6 2. c4 a6 3. g3 Nf6 4. Bg2 d5 5. Nf3 Be7 6. 0-0 0-0 7. Qc2 dxc4 8. a4 Bd7 9. Rd1 Bc6 10. Nc3 Nbd7 11. e4 b5 12. d5 exd5 13. exd5 Bb7 14. axb5 axb5 15. Rxa8 Bxa8 16. Nxb5 Bxd5 17. Bf4 c6 18. Nc3 Nc5 19. Ne5 Qa8 20. Nxd5 cxd5 21. Nxc4 Ne6 22. Nb6 1/2-1/2

[Event "Krefeld op"]
[Site "Krefeld"]
[Date "2022.08.05"]
[Round "2"]
[White "Schulze, Tim"]
[Black "Hoekstra, Peter"]
[Result "1-0"]
[WhiteElo "1579"]
[BlackElo "2042"]
[PlyCount "45"]
[EventDate "2022.08.04"]
[EventType "swiss"]
[EventRounds "9"]
[EventCountry "GER"]
[SourceTitle "CBM 209 Extra"]
[Source "ChessBase"]
[SourceDate "2022.09.30"]
[SourceVersion "1"]
[SourceVersionDate "2022.09.30"]
[SourceQuality "1"]

1. d4 d5 2. c4 c6 3. Nf3 Nf6 4. Nc3 e6 5. Bg5 dxc4 6. e4 b5 7. e5 h6 8. Bh4 g5 9. Nxg5 hxg5 10. Bxg5 Nbd7 11. g3 Qb6 12. exf6 Bb7 13. Bg2 c5 14. d5 0-0-0 15. 0-0 b4 16. Rb1 Qa6 17. dxe6 Bxg2 18. e7 Bxf1 19. Qd5 Bd3 20. Qa8+ Nb8 21. Bf4 Qa5 22. Qxb8+ Kd7 23. Qd6+ 1-0

[Event "Reinstorf op"]
[Site "Reinstorf"]
[Date "2022.01.31"]
[Round "3"]
[White "Schulze, Tim"]
[Black "Ermitsch, Magnus"]
[Result "0-1"]
[WhiteElo "1578"]
[BlackElo "2127"]
[PlyCount "68"]
[EventDate "2022.01.29"]
[EventType "swiss"]
[EventRounds "9"]
[EventCountry "GER"]
[SourceTitle "CBM 206 Extra"]
[Source "ChessBase"]
[SourceDate "2022.03.31"]
[SourceVersion "1"]
[SourceVersionDate "2022.03.31"]
[SourceQuality "1"]

1. d4 Nf6 2. c4 c5 3. d5 e6 4. Nc3 exd5 5. cxd5 d6 6. e4 g6 7. h3 Bg7 8. Nf3 0-0 9. Bd3 b5 10. Bxb5 Nxe4 11. Nxe4 Qa5+ 12. Nc3 Bxc3+ 13. bxc3 Qxb5 14. Qe2 Qa4 15. 0-0 Ba6 16. Qd1 Qxd1 17. Rxd1 Bc4 18. Bf4 Rd8 19. Rd2 Na6 20. Rb1 Nc7 21. Bg5 Rdb8 22. Rdb2 Rxb2 23. Rxb2 Nxd5 24. Rb7 Nxc3 25. Nd2 Be6 26. Be7 c4 27. Bxd6 Nxa2 28. Rc7 c3 29. Ne4 Rc8 30. Nf6+ Kg7 31. Rxc8 Bxc8 32. Ne8+ Kh6 33. g4 c2 34. Bf4+ g5 0-1

[Event "GER Cup Net V3 U1600"]
[Site "Playchess.com INT"]
[Date "2020.05.27"]
[Round "4"]
[White "Badrinarayanan, Harini"]
[Black "Schulze, Tim"]
[Result "1-0"]
[WhiteElo "1757"]
[BlackElo "1595"]
[PlyCount "151"]
[EventDate "2020.05.27"]
[EventType "swiss (blitz)"]
[EventRounds "9"]
[EventCountry "GER"]
[SourceTitle "EXT 2021"]
[Source "ChessBase"]
[SourceDate "2020.10.23"]
[SourceVersion "1"]
[SourceVersionDate "2020.10.23"]
[SourceQuality "1"]

1. e4 c5 2. c4 e5 3. Nc3 d6 4. g3 Nc6 5. Bg2 Be7 6. Nge2 Nf6 7. 0-0 0-0 8. d3 Ne8 9. a3 Nc7 10. Ra2 Ne6 11. Ra1 Ned4 12. f4 Bg4 13. h3 Bxe2 14. Nxe2 f6 15. Rb1 a5 16. Nc3 Qd7 17. f5 Kh8 18. Nd5 Qd8 19. b4 axb4 20. axb4 b6 21. b5 Na5 22. Be3 Nab3 23. Rxb3 Nxb3 24. Qxb3 Ra5 25. Rf2 Rf7 26. Qd1 Bf8 27. g4 Rfa7 28. Kh2 Ra1 29. Qf3 R7a3 30. Bd2 Rb3 31. Qg3 Raa3 32. Bf1 Ra2 33. Be3 Rbb2 34. Rxb2 Rxb2+ 35. Bg2 Qa8 36. g5 Qd8 37. gxf6 gxf6 38. Qh4 Bg7 39. Qe1 Qb8 40. Bf4 exf4 41. Nxf4 Qa8 42. Ne6 Qa2 43. Nxg7 Kxg7 44. Qf1 Rc2 45. Qf3 Kf7 46. Qg3 Rxg2+ 47. Qxg2 Qxg2+ 48. Kxg2 Kg7 49. Kf3 Kh6 50. Kf4 Kh5 51. Kg3 Kg5 52. h4+ Kh6 53. Kg4 Kg7 54. h5 h6 55. Kf4 Kf7 56. Ke3 Ke7 57. d4 Kd7 58. e5 fxe5 59. dxe5 Ke7 60. exd6+ Kxd6 61. Ke4 Ke7 62. Ke5 Kd7 63. f6 Ke8 64. Kd6 Kf7 65. Kc6 Kxf6 66. Kxb6 Kg5 67. Kxc5 Kxh5 68. b6 Kg4 69. b7 h5 70. b8Q h4 71. Qg8+ Kh3 72. Qd5 Kg3 73. Kd6 h3 74. c5 h2 75. c6 h1Q 76. Qxh1 1-0

[Event "GER Cup Net V3 U1600"]
[Site "Playchess.com INT"]
[Date "2020.05.27"]
[Round "7"]
[White "Maly, Wolfgang"]
[Black "Schulze, Tim"]
[Result "1/2-1/2"]
[WhiteElo "1334"]
[BlackElo "1595"]
[PlyCount "102"]
[EventDate "2020.05.27"]
[EventType "swiss (blitz)"]
[EventRounds "9"]
[EventCountry "GER"]
[SourceTitle "EXT 2021"]
[Source "ChessBase"]
[SourceDate "2020.10.23"]
[SourceVersion "1"]
[SourceVersionDate "2020.10.23"]
[SourceQuality "1"]

1. b3 e5 2. Bb2 Nc6 3. e4 Nf6 4. d3 Bc5 5. Nf3 Ng4 6. d4 Nxd4 7. Nxd4 d6 8. h3 Nxf2 9. Kxf2 Qf6+ 10. Qf3 Bxd4+ 11. Bxd4 Qxf3+ 12. Kxf3 exd4 13. Bc4 Rf8 14. Nd2 c5 15. Rhf1 f5 16. exf5 Bxf5 17. Rae1+ Kd7 18. Kg3 Bxc2 19. Be6+ Kc6 20. Nc4 Bd3 21. Rf2 Bxc4 22. Bxc4 b5 23. Bd3 c4 24. Be4+ d5 25. Bxh7 c3 26. Re6+ Kc5 27. Rc2 Rae8 28. Rxe8 Rxe8 29. Kf2 Kb4 30. Bd3 Re3 31. Bg6 a5 32. h4 a4 33. bxa4 bxa4 34. Bf7 Kc4 35. Be8 Re5 36. Bxa4 d3 37. Bb3+ Kd4 38. Rc1 d2 39. Rd1 Kd3 40. a4 c2 41. Bxc2+ Kxc2 42. Rh1 d1Q 43. Rxd1 Kxd1 44. a5 d4 45. a6 Kc2 46. a7 d3 47. a8Q Ra5 48. Qc6+ Kd1 49. Qf3+ Kc2 50. Qc6+ Kd1 51. Qf3+ Kd2 1/2-1/2

[Event "GER Cup Net V3 U1600"]
[Site "Playchess.com INT"]
[Date "2020.05.27"]
[Round "2"]
[White "Weidenhoefer, Ben"]
[Black "Schulze, Tim"]
[Result "0-1"]
[WhiteElo "1332"]
[BlackElo "1595"]
[PlyCount "80"]
[EventDate "2020.05.27"]
[EventType "swiss (blitz)"]
[EventRounds "9"]
[EventCountry "GER"]
[SourceTitle "EXT 2021"]
[Source "ChessBase"]
[SourceDate "2020.10.23"]
[SourceVersion "1"]
[SourceVersionDate "2020.10.23"]
[SourceQuality "1"]

1. d4 Nf6 2. e3 d5 3. f4 c5 4. c3 Ne4 5. Nf3 Bg4 6. Bd3 e6 7. 0-0 Nc6 8. Nbd2 Nxd2 9. Bxd2 c4 10. Bc2 Be7 11. Be1 0-0 12. Bb1 b5 13. Qc2 g6 14. Ne5 Nxe5 15. fxe5 Bf5 16. Qf2 Bxb1 17. Rxb1 Qa5 18. b3 Rab8 19. Qf4 Qxa2 20. Bh4 Bxh4 21. Qxh4 Qd2 22. Rf2 Qxe3 23. Rbf1 Rb7 24. Qf6 Qxc3 25. bxc4 bxc4 26. Qh4 Qe3 27. Rd1 c3 28. Rdf1 c2 29. Qg3 Qxg3 30. hxg3 Rc8 31. Rc1 Rb1 32. Rfxc2 Rxc1+ 33. Rxc1 Rxc1+ 34. Kh2 a6 35. Kh3 a5 36. Kh2 a4 37. Kh3 a3 38. Kh2 a2 39. Kh3 a1Q 40. Kh2 Rh1# 0-1

[Event "Lueneburg distr-ch Haupt"]
[Site "Muenster"]
[Date "2019.10.19"]
[Round "5"]
[White "Slotta, Anselm"]
[Black "Schulze, Tim"]
[Result "0-1"]
[WhiteElo "1691"]
[BlackElo "1484"]
[PlyCount "80"]
[EventDate "2019.10.17"]
[EventType "swiss"]
[EventRounds "7"]
[EventCountry "GER"]
[SourceTitle "EXT 2023"]
[Source "ChessBase"]
[SourceDate "2022.10.05"]
[SourceVersion "1"]
[SourceVersionDate "2022.10.05"]
[SourceQuality "1"]

1. d4 Nf6 2. c4 c5 3. d5 b5 4. Nc3 b4 5. Nb1 g6 6. b3 Bg7 7. Bb2 0-0 8. Nd2 e6 9. e4 exd5 10. cxd5 Re8 11. Bxf6 Qxf6 12. Rc1 Qh4 13. Ngf3 Qh5 14. Be2 d6 15. 0-0 Ba6 16. Nc4 Bxc4 17. Rxc4 a5 18. Qc2 Nd7 19. Ne1 Qh6 20. Qb1 Nb6 21. Rc1 Nxd5 22. Bb5 Nc3 23. Rxc3 Bxc3 24. Bxe8 Rxe8 25. Nf3 Qf4 26. Rd1 Qxe4 27. Qxe4 Rxe4 28. Kf1 Bd4 29. Nd2 Rf4 30. f3 d5 31. g3 Rf6 32. Ke2 Re6+ 33. Kf1 Be3 34. Ke2 Bxd2+ 35. Kxd2 Kf8 36. Rc1 Rc6 37. Re1 f6 38. Kd3 Kf7 39. h3 c4+ 40. Kd4 cxb3 0-1

[Event "Lueneburg distr-ch Haupt"]
[Site "Muenster"]
[Date "2019.10.18"]
[Round "3"]
[White "Zoellner, Ev Gislain"]
[Black "Schulze, Tim"]
[Result "1-0"]
[WhiteElo "1919"]
[BlackElo "1484"]
[PlyCount "78"]
[EventDate "2019.10.17"]
[EventType "swiss"]
[EventRounds "7"]
[EventCountry "GER"]
[SourceTitle "EXT 2023"]
[Source "ChessBase"]
[SourceDate "2022.10.05"]
[SourceVersion "1"]
[SourceVersionDate "2022.10.05"]
[SourceQuality "1"]

1. e4 e6 2. d4 d5 3. e5 c5 4. c3 Nc6 5. Nf3 Qb6 6. Be2 Bd7 7. 0-0 f6 8. b3 fxe5 9. dxe5 Nge7 10. Bf4 Ng6 11. Bg3 h5 12. Qc2 Rh6 13. Bd3 Nce7 14. Nh4 Nxh4 15. Bxh4 0-0-0 16. Bg5 Rh8 17. a4 Qc7 18. f4 Re8 19. Na3 Nf5 20. Qe2 c4 21. Bxf5 exf5 22. b4 Bxa4 23. Nxc4 Bb3 24. Ne3 Kb8 25. Qb5 Be7 26. Bxe7 Rxe7 27. Nxf5 Bc4 28. Qa4 b5 29. Qc2 Bxf1 30. Nxe7 Qxe7 31. Rxf1 Rc8 32. Qd3 Rc4 33. Qxd5 Qb7 34. Qxb7+ Kxb7 35. Rf3 Kc6 36. Kf2 Kd5 37. g3 Ke4 38. e6 Rc8 39. e7 Re8 1-0

[Event "Langenhagen Summer op 1st"]
[Site "Langenhagen"]
[Date "2019.07.05"]
[Round "3"]
[White "Schulze, Tim"]
[Black "Glander, Flurina"]
[Result "1-0"]
[WhiteElo "1414"]
[BlackElo "932"]
[PlyCount "59"]
[EventDate "2019.07.04"]
[EventType "swiss"]
[EventRounds "7"]
[EventCountry "GER"]
[SourceTitle "EXT 2020"]
[Source "ChessBase"]
[SourceDate "2019.10.17"]
[SourceVersion "1"]
[SourceVersionDate "2019.10.17"]
[SourceQuality "1"]

1. c4 e5 2. g3 Bc5 3. Bg2 c6 4. Nf3 d6 5. d4 exd4 6. Nxd4 h6 7. 0-0 Nf6 8. b3 0-0 9. Bb2 Bf5 10. Nxf5 Re8 11. e3 Na6 12. Nc3 Nc7 13. Na4 Ne6 14. Nxc5 dxc5 15. Qxd8 Raxd8 16. Rad1 Nd7 17. Nd6 Re7 18. Nxb7 Rc8 19. Nd6 Rc7 20. Rd2 f6 21. Rfd1 g6 22. Ne4 Kf7 23. Ba3 Kg7 24. Rd6 f5 25. Nc3 Kf7 26. Bxc6 Ne5 27. Bg2 Re8 28. Bb2 Rb7 29. Nb5 Rbe7 30. Bxe5 1-0

[Event "Harburg-chI 13th"]
[Site "Hamburg"]
[Date "2018.08.04"]
[Round "2"]
[White "Lohmann, Tristan"]
[Black "Schulze, Tim"]
[Result "0-1"]
[WhiteElo "949"]
[BlackElo "1089"]
[PlyCount "60"]
[EventDate "2018.08.03"]
[EventType "swiss"]
[EventRounds "5"]
[EventCountry "GER"]
[SourceTitle "EXT 2019"]
[Source "ChessBase"]
[SourceDate "2018.10.10"]
[SourceVersion "1"]
[SourceVersionDate "2018.10.10"]
[SourceQuality "1"]

1. e4 c5 2. Nf3 e6 3. Nc3 Nc6 4. d4 cxd4 5. Nxd4 Qc7 6. Nxc6 Qxc6 7. a3 a6 8. Bf4 Ne7 9. g3 Ng6 10. Be3 b5 11. Bg2 Bb7 12. Qe2 Be7 13. 0-0-0 0-0 14. Rd2 Ne5 15. Bd4 Nc4 16. Qg4 f6 17. Rdd1 e5 18. Be3 Nxe3 19. fxe3 Bxa3 20. bxa3 Qxc3 21. Rd3 Qc6 22. Rxd7 Rf7 23. Rxf7 Kxf7 24. Rd1 Bc8 25. Qf3 Be6 26. Qe2 Rc8 27. Kb1 Qc3 28. Qd3 Bg4 29. Qxc3 Rxc3 30. Rd7+ Bxd7 0-1